LEADER 01889nam a2200301 4500 001 000000340761 003 CaOOAMICUS 005 20200625161024.0 008 200625s1675 it 000 u ita r 026 $ai-o- a,la o.se stsc (3) 1675 (Q) 040 $aSeMil$bita 110 21$aConfraternita di Sant'Anna in S. Stefano in Broglio .$0(OLS)http://semarc/name/111603 245 00$aRegole della Confraternitā di S. Anna di nuovo eretta nella Chiesa collegiata insigne di S. Steffano in Broglio di Milano con autoritā ordinaria dell'Em.mo, e Rev.mo Sig. Cardinal Alfonso Litta arcivescovo. Con l'indulgenze concesse dalla Santitā di N. Sig. Clemente 10. alli confratelli & sorelle della detta Compagnia. 264 1$aIn Milano :$bnella Stampa del Beltramino, vicino ā S. Antonio,$c[1675] 300 $a23, [1] p. ;$c4° 500 $aIniz. xilogr. 500 $aVignetta xilogr. (S. Anna) sul front. 500 $aData di pubblicazione presunta, 1675 alla fine del testo 500 $aSegn.: Aš˛ 650 4$aCongregazioni e confraternite religiose - Milano - Sec. 16.-18.$0(OLS)http://semarc/subject/49109 700 1 $aBeltramino, Giovanni Battista,$c.$0(OLS)http://semarc/name/92929 752 $aIT$dMilano 850 $aSeMil 852 $aSeMil$W1$xVenegono$y1$m3Z V 13/8 FA$j219573$B231789$CSeMilBibl$Z2$F231789 $8I 941 1 $a10 996 $6245$aRegole della Confraternitā di S. Anna di nuovo eretta nella Chiesa collegiata insigne di S. Steffano in Broglio di Milano con autoritā ordinaria dell'Em.mo, e Rev.mo Sig. Cardinal Alfonso Litta arcivescovo. Con l'indulgenze concesse dalla Santitā di N. Sig. Clemente 10. alli confratelli & sorelle della detta Compagnia$9(OLS)http://semarc/title/429849 996 $6264$aIn Milano :$bnella Stampa del Beltramino, vicino ā S. Antonio$9(OLS)http://semarc/publisher/59050 LEADER 00865nam a2200217 i 4500 001 000000060573 003 CaOOAMICUS 005 20140521000000.0 008 140521s1966 xx u000 u eng u 013 $a31745 040 $aSeMil$bita 100 1 $aBerkhof, Hendrikus <1914-1995>.$0(OLS)http://semarc/name/21532 240 10$aChristus de zin der geschiedenis.$0(OLS)http://semarc/title/94972 245 10$aChrist the meaning of history /$cHendrik Berkhof. 260 $aLondon :$bSCM Press,$ccopyr. 1966. 300 $a224 p. ;$c23 cm. 650 4$aTeologia protestante.$0(OLS)http://semarc/subject/720 850 $aSeMil 852 $aSeMil$W1$xVenegono$y1$m2K III 157$j26726$B26726$CSeMilBibl$Z2$F26729 $81 996 $6245$aChrist the meaning of history$9(OLS)http://semarc/title/94971 996 $6260$aLondon :$bSCM Press$9(OLS)http://semarc/publisher/34364